[Event "Baden CupT"]
[Site "Baden"]
[Date "2019.07.21"]
[Round "5.1"]
[White "Kaiser, Elmar"]
[Black "Zimmer, Rolf"]
[Result "0-1"]
[WhiteElo "2168"]
[BlackElo "2091"]
[PlyCount "72"]
[EventDate "2019.04.14"]
[EventType "team-k.o."]
[EventRounds "5"]
[EventCountry "GER"]
[SourceTitle "EXT 2020"]
[Source "ChessBase"]
[SourceDate "2019.10.17"]
[SourceVersion "1"]
[SourceVersionDate "2019.10.17"]
[SourceQuality "1"]
[WhiteTeam "Tauberbischofsheim"]
[BlackTeam "Neureut"]
[WhiteTeamCountry "GER"]
[BlackTeamCountry "GER"]

1. e4 c5 2. Nf3 Nc6 3. Nc3 Nf6 4. e5 Ng4 5. Qe2 d6 6. exd6 Qxd6 7. Ne4 Qc7 8. Nxc5 e6 9. Nd3 Bd6 10. h3 Nf6 11. c3 b6 12. b3 0-0 13. Nb2 e5 14. g3 e4 15. Nd4 Ne5 16. Bg2 a6 17. 0-0 Re8 18. Nc4 Nd3 19. Ba3 Bc5 20. Bxc5 bxc5 21. Nc2 Bb7 22. N2e3 Rad8 23. Rab1 g6 24. Nb2 Ne5 25. Rfd1 Nh5 26. Kh2 Nf3+ 27. Bxf3 exf3 28. Qf1 Re4 29. Nbc4 Rh4 30. Ng4 Bc8 31. Nce5 Bxg4 32. Nxg4 f5 33. Ne3 f4 34. Qc4+ Kh8 35. gxh4 fxe3+ 36. Kh1 exf2 0-1

[Event "Bayern-chI Bank Hofmann 20th"]
[Site "Bad Wiessee"]
[Date "2016.11.02"]
[Round "5"]
[White "Kaiser, Elmar"]
[Black "Kveinys, Aloyzas"]
[Result "0-1"]
[WhiteElo "2212"]
[BlackElo "2509"]
[PlyCount "50"]
[EventDate "2016.10.29"]
[EventType "swiss"]
[EventRounds "9"]
[EventCountry "GER"]
[SourceTitle "CBM 175 Extra"]
[Source "ChessBase"]
[SourceDate "2016.12.12"]
[SourceVersion "1"]
[SourceVersionDate "2016.12.12"]
[SourceQuality "1"]

1. d4 Nf6 2. c4 e6 3. Nf3 d5 4. Nc3 c6 5. e3 Nbd7 6. Qc2 Bd6 7. Bd3 0-0 8. 0-0 dxc4 9. Bxc4 b5 10. Bd3 Bb7 11. Bd2 a6 12. Ne4 Nxe4 13. Bxe4 f5 14. Bd3 c5 15. Be2 Rc8 16. Qd1 c4 17. Qe1 e5 18. dxe5 Nxe5 19. Nxe5 Bxe5 20. Bc3 Qg5 21. g3 f4 22. Bxe5 f3 23. Bf4 Qg4 24. Bxc4+ Rxc4 25. Kh1 Rc5 0-1

[Event "Verbandsliga Nordbaden 1617"]
[Site "Baden"]
[Date "2016.10.09"]
[Round "1.1"]
[White "Solomunovic, Igor"]
[Black "Kaiser, Elmar"]
[Result "1-0"]
[WhiteElo "2423"]
[BlackElo "2212"]
[PlyCount "63"]
[EventDate "2016.10.09"]
[EventType "team-tourn"]
[EventRounds "9"]
[EventCountry "GER"]
[SourceTitle "EXT 2022"]
[Source "ChessBase"]
[SourceDate "2021.10.06"]
[SourceVersion "1"]
[SourceVersionDate "2021.10.06"]
[SourceQuality "1"]
[WhiteTeam "Heidelberg"]
[BlackTeam "Tauberbischofsheim"]
[WhiteTeamCountry "GER"]
[BlackTeamCountry "GER"]

1. e4 e5 2. Nf3 Nc6 3. d4 exd4 4. Nxd4 Nf6 5. Nxc6 bxc6 6. e5 Qe7 7. Qe2 Nd5 8. c4 Ba6 9. b3 g6 10. Bb2 Bg7 11. g3 0-0 12. Bg2 Rfe8 13. 0-0 Bxe5 14. Qxe5 Qxe5 15. Bxe5 Rxe5 16. cxd5 Bxf1 17. Kxf1 cxd5 18. Nc3 c6 19. Rc1 Kf8 20. Na4 Ke8 21. Nc5 Kd8 22. b4 Rb8 23. a3 Rb6 24. Bf3 Re8 25. Nb3 Ke7 26. Rc5 Kd6 27. Ra5 Ra8 28. Ke2 Kc7 29. Kd3 d6 30. Nd4 a6 31. Nxc6 Rxc6 32. Bxd5 1-0

[Event "Frankfurt-chA"]
[Site "Frankfurt"]
[Date "2015.06.15"]
[Round "7"]
[White "Poetsch, Hagen"]
[Black "Kaiser, Elmar"]
[Result "1-0"]
[WhiteElo "2464"]
[BlackElo "2172"]
[PlyCount "81"]
[EventDate "2015.04.27"]
[EventType "swiss"]
[EventRounds "7"]
[EventCountry "GER"]
[SourceTitle "EXT 2016"]
[Source "ChessBase"]
[SourceDate "2015.10.08"]
[SourceVersion "1"]
[SourceVersionDate "2015.10.08"]
[SourceQuality "1"]

1. g3 e5 2. c4 Nf6 3. Bg2 d5 4. cxd5 Nxd5 5. Nf3 Nc6 6. 0-0 Nb6 7. Nc3 Be7 8. a3 0-0 9. b4 Be6 10. Rb1 f6 11. d3 a5 12. b5 Nd4 13. Nd2 Qc8 14. e3 Nf5 15. Qc2 Rd8 16. Rd1 a4 17. Nc4 Nd6 18. Nxb6 cxb6 19. Rd2 Nf5 20. Bb2 Bb3 21. Qc1 Qd7 22. Bh3 Be6 23. Qd1 Nd6 24. Bxe6+ Qxe6 25. Bc1 Ra5 26. Rb4 Rc8 27. Bb2 Rc5 28. d4 Rxc3 29. Bxc3 Nxb5 30. d5 Qc8 31. d6 Nxd6 32. Bb2 Rc5 33. Rxd6 Bxd6 34. Qxd6 Rc2 35. Qxb6 Qf5 36. e4 Qf3 37. Qe3 Qd1+ 38. Kg2 Rd2 39. Qf3 Qc2 40. Rxb7 Qc8 41. Rb4 1-0

[Event "Bayern-chI Bank Hofmann 18th"]
[Site "Bad Wiessee"]
[Date "2014.10.27"]
[Round "4"]
[White "Kaiser, Elmar"]
[Black "Vogel, Roven"]
[Result "1/2-1/2"]
[WhiteElo "2193"]
[BlackElo "2406"]
[PlyCount "115"]
[EventDate "2014.10.25"]
[EventType "swiss"]
[EventRounds "9"]
[EventCountry "GER"]
[SourceTitle "EXT 2015"]
[Source "ChessBase"]
[SourceDate "2014.11.20"]
[SourceVersion "1"]
[SourceVersionDate "2014.11.20"]
[SourceQuality "1"]

1. e4 d6 2. d4 Nf6 3. Nc3 g6 4. Be3 c6 5. Qd2 Nbd7 6. Nf3 b5 7. Bd3 Qc7 8. 0-0 Bg7 9. h3 0-0 10. Ne2 c5 11. c3 Bb7 12. Ng3 a6 13. Rfe1 d5 14. e5 Ne4 15. Bxe4 dxe4 16. Ng5 Nb6 17. N5xe4 Nc4 18. Qe2 cxd4 19. cxd4 Rfd8 20. Nc5 Bd5 21. b3 Nxe3 22. Qxe3 Qb6 23. Rac1 a5 24. a3 Rac8 25. Nge4 f6 26. exf6 exf6 27. Nd7 Qa6 28. Rxc8 Rxc8 29. Ndc5 Qc6 30. Nc3 Bf7 31. Qe4 Qxe4 32. N3xe4 Rd8 33. Nb7 Rxd4 34. Nxa5 Rd3 35. Nc5 Rc3 36. Ne4 Rd3 37. Re3 Rd1+ 38. Kh2 Ra1 39. b4 Ra2 40. Kg3 f5 41. Ng5 Bb2 42. Nxf7 Kxf7 43. Rd3 Rxa3 44. Rxa3 Bxa3 45. Nc6 Ke6 46. Nd4+ Ke5 47. Nxb5 Bxb4 48. Kf3 h5 49. g3 g5 50. Ke3 Bc5+ 51. Ke2 g4 52. hxg4 hxg4 53. f3 Bb4 54. Na7 gxf3+ 55. Kxf3 Be1 56. Nc6+ Kd6 57. Nd4 Bxg3 58. Nxf5+ 1/2-1/2

[Event "Berlin Werner Ott op"]
[Site "Berlin"]
[Date "2014.07.10"]
[Round "6"]
[White "Wierzbicki, Jirawat"]
[Black "Kaiser, Elmar"]
[Result "0-1"]
[WhiteElo "1804"]
[BlackElo "2166"]
[PlyCount "128"]
[EventDate "2014.07.05"]
[EventType "swiss"]
[EventRounds "9"]
[EventCountry "GER"]
[SourceTitle "CBM 161 Extra"]
[Source "ChessBase"]
[SourceDate "2014.08.29"]
[SourceVersion "1"]
[SourceVersionDate "2014.08.29"]
[SourceQuality "1"]

1. e4 c5 2. c3 d6 3. d4 Nf6 4. Bd3 g6 5. Nf3 Bg7 6. 0-0 0-0 7. Re1 Qc7 8. Nbd2 b6 9. Nf1 Nfd7 10. Ng3 Nc6 11. Be3 e5 12. Rc1 Ne7 13. Qc2 h6 14. h3 c4 15. Be2 f5 16. Bd2 fxe4 17. Nxe4 d5 18. Ng3 e4 19. Nh2 Nf6 20. b3 b5 21. a4 a6 22. Ra1 Bd7 23. axb5 axb5 24. Qb2 Nc6 25. Nhf1 Na5 26. Bd1 Nb7 27. Bc2 g5 28. Ne3 Nd6 29. Bd1 Qc8 30. Nh5 Rxa1 31. Qxa1 Qc6 32. Qb2 Nfe8 33. Ng4 Bxg4 34. Bxg4 Nc7 35. Nxg7 Kxg7 36. Ra1 Ra8 37. Rxa8 Qxa8 38. Bd1 Ne6 39. g3 Qa5 40. Qc1 Qa2 41. b4 Kf6 42. h4 gxh4 43. gxh4 Nf5 44. Bxh6 Nxh4 45. Bg4 Nf5 46. Bf4 Qa8 47. Be5+ Kg6 48. Qd1 Qg8 49. Bh5+ Kh6+ 50. Kf1 Qg5 51. Bg4 Kg6 52. Ke1 Qh4 53. Qe2 Ng5 54. Bxf5+ Kxf5 55. Qe3 Qg4 56. Bg3 Nf3+ 57. Kf1 Ng5 58. Ke1 Qf3 59. Qxf3+ exf3 60. Kd2 Ne4+ 61. Ke3 Kg4 62. Be5 Nxc3 63. Bd6 Nd1+ 64. Kd2 Nxf2 0-1

[Event "Berlin Werner Ott op"]
[Site "Berlin"]
[Date "2014.07.07"]
[Round "3"]
[White "Kaiser, Elmar"]
[Black "Von Herman, Ulf"]
[Result "0-1"]
[WhiteElo "2166"]
[BlackElo "2377"]
[PlyCount "58"]
[EventDate "2014.07.05"]
[EventType "swiss"]
[EventRounds "9"]
[EventCountry "GER"]
[SourceTitle "CBM 161 Extra"]
[Source "ChessBase"]
[SourceDate "2014.08.29"]
[SourceVersion "1"]
[SourceVersionDate "2014.08.29"]
[SourceQuality "1"]

1. d4 Nf6 2. Nf3 g6 3. c4 Bg7 4. Nc3 0-0 5. e4 d6 6. Be2 e5 7. 0-0 Nc6 8. d5 Ne7 9. Ne1 Nd7 10. Nd3 f5 11. Bd2 Nf6 12. f3 h6 13. Rc1 g5 14. exf5 Nxf5 15. Nf2 c5 16. Nce4 Nd4 17. Nxf6+ Qxf6 18. Bd3 Bd7 19. b4 b6 20. Rb1 Rab8 21. Rb2 Qe7 22. Ne4 Bf5 23. bxc5 bxc5 24. Qb1 Rxb2 25. Qxb2 g4 26. Be3 gxf3 27. Bxd4 exd4 28. Rxf3 Bxe4 29. Rxf8+ Bxf8 0-1

[Event "Baden-ch"]
[Site "Waldshut Tiengen"]
[Date "2014.06.19"]
[Round "7"]
[White "Kaiser, Elmar"]
[Black "Meijers, Viesturs"]
[Result "0-1"]
[WhiteElo "2163"]
[BlackElo "2477"]
[PlyCount "68"]
[EventDate "2014.06.14"]
[EventType "tourn"]
[EventRounds "9"]
[EventCountry "GER"]
[SourceTitle "CBM 160 Extra"]
[Source "ChessBase"]
[SourceDate "2014.07.01"]
[SourceVersion "1"]
[SourceVersionDate "2014.07.01"]
[SourceQuality "1"]

1. e4 c5 2. Nf3 a6 3. Nc3 b5 4. d4 cxd4 5. Nxd4 Bb7 6. Bd3 g6 7. 0-0 Bg7 8. Nf3 d6 9. Re1 Nd7 10. a4 bxa4 11. Nxa4 Ngf6 12. Bd2 0-0 13. Bc3 Qc7 14. Qd2 Bc6 15. e5 dxe5 16. Nxe5 Nxe5 17. Bxe5 Qd8 18. Nc3 Bb7 19. Qe2 Qb6 20. Ra3 Qc6 21. Ne4 Nd5 22. Bxg7 Kxg7 23. Qd2 Rfd8 24. Qg5 f6 25. Qg3 e5 26. Nc3 Nf4 27. Be4 Qc7 28. Qf3 Rab8 29. Bxb7 Rxb7 30. Rxa6 Rxb2 31. g3 Rxc2 32. Rc6 Nh3+ 33. Kg2 Qd7 34. Qe4 Ng5 0-1

[Event "Baden-ch"]
[Site "Waldshut Tiengen"]
[Date "2014.06.14"]
[Round "2"]
[White "Scherer, Max"]
[Black "Kaiser, Elmar"]
[Result "1/2-1/2"]
[WhiteElo "2270"]
[BlackElo "2163"]
[PlyCount "141"]
[EventDate "2014.06.14"]
[EventType "tourn"]
[EventRounds "9"]
[EventCountry "GER"]
[SourceTitle "CBM 160 Extra"]
[Source "ChessBase"]
[SourceDate "2014.07.01"]
[SourceVersion "1"]
[SourceVersionDate "2014.07.01"]
[SourceQuality "1"]

1. Nf3 Nf6 2. g3 d5 3. Bg2 c6 4. 0-0 Bf5 5. d3 e6 6. b3 h6 7. Bb2 Be7 8. c4 0-0 9. Qc2 Nbd7 10. Nc3 Bh7 11. e4 dxe4 12. dxe4 Qc7 13. Rad1 Rfd8 14. h3 Nc5 15. Nd4 Ne8 16. Qe2 Bf6 17. Nc2 e5 18. b4 Ne6 19. c5 b6 20. Na4 bxc5 21. bxc5 Qa5 22. Qc4 N8c7 23. Bc3 Qb5 24. Na3 Qxc4 25. Nxc4 Na6 26. Bxe5 Bxe5 27. Nxe5 Naxc5 28. Rxd8+ Rxd8 29. Nxc5 Nxc5 30. Nxc6 Rd2 31. e5 Rxa2 32. Rd1 Be4 33. Rd8+ Kh7 34. Rf8 Bxg2 35. Kxg2 Ra6 36. Nb4 Rb6 37. Nd5 Rb7 38. f4 Rd7 39. Ne3 Ne6 40. Ra8 Nd4 41. h4 h5 42. g4 hxg4 43. Kg3 Nc6 44. Kxg4 Rd8 45. Rxd8 Nxd8 46. Nc4 Nc6 47. f5 a5 48. Kf4 a4 49. Ke4 Kh6 50. e6 fxe6 51. fxe6 Kh5 52. Kd5 Ne7+ 53. Kd6 Ng8 54. Kc5 Kxh4 55. Kb4 Kg5 56. Nd6 g6 57. Kxa4 Kf6 58. Kb4 Kxe6 59. Ne4 Kf5 60. Nd6+ Ke6 61. Ne4 Nh6 62. Kc3 Kf5 63. Kd3 Ng4 64. Nd6+ Kf4 65. Nf7 Nf6 66. Ke2 Nd5 67. Kf2 Kf5 68. Kf3 Kf6 69. Nd6 Nc3 70. Kg4 g5 71. Nf7 1/2-1/2

[Event "GER Cup19 sf20 serv"]
[Site "GER email"]
[Date "2013.07.14"]
[Round "?"]
[White "Koestner, Wolfgang"]
[Black "Kaiser, Elmar"]
[Result "1/2-1/2"]
[WhiteElo "1928"]
[BlackElo "1901"]
[PlyCount "76"]
[EventDate "2013.07.20"]
[EventType "tourn (corr)"]
[EventRounds "6"]
[EventCountry "GER"]
[SourceTitle "Corr 2015"]
[Source "ChessBase"]
[SourceDate "2015.07.17"]
[SourceVersion "1"]
[SourceVersionDate "2015.07.17"]
[SourceQuality "1"]

1. Nf3 Nf6 2. c4 b6 3. g3 Bb7 4. Bg2 e6 5. d4 Be7 6. Nc3 0-0 7. 0-0 Ne4 8. Qc2 Nxc3 9. Qxc3 c5 10. Rd1 d6 11. b3 Bf6 12. Bb2 Qe7 13. Rac1 Rd8 14. Rd2 Nc6 15. Qc2 e5 16. d5 Nd4 17. Nxd4 cxd4 18. Rf1 g6 19. Qd3 Bg7 20. e4 Bc8 21. a4 f5 22. f4 Rf8 23. Re2 fxe4 24. Qxe4 Bg4 25. Ree1 Rae8 26. Bxd4 exf4 27. Bxg7 Qxe4 28. Rxe4 Kxg7 29. Rfxf4 Bd1 30. Rxf8 Kxf8 31. Rf4+ Kg7 32. b4 a5 33. bxa5 bxa5 34. Bh3 Re1+ 35. Kf2 Re2+ 36. Kg1 Re1+ 37. Kf2 Re2+ 38. Kg1 Re1+ 1/2-1/2

[Event "Baden-ch"]
[Site "Birkenfeld"]
[Date "2013.05.30"]
[Round "5"]
[White "Kaiser, Elmar"]
[Black "Buecker, Stefan"]
[Result "1-0"]
[WhiteElo "2147"]
[BlackElo "2315"]
[PlyCount "55"]
[EventDate "2013.05.26"]
[EventType "swiss"]
[EventRounds "9"]
[EventCountry "GER"]
[SourceTitle "EXT 2014"]
[Source "ChessBase"]
[SourceDate "2013.11.20"]
[SourceVersion "1"]
[SourceVersionDate "2013.11.20"]
[SourceQuality "1"]

1. Nf3 d6 2. d4 f5 3. g3 g6 4. Bg2 Bg7 5. 0-0 Nf6 6. c4 0-0 7. Nc3 c6 8. d5 cxd5 9. cxd5 Na6 10. Be3 Ng4 11. Bd4 Ne5 12. Nd2 Nc5 13. b4 Ncd7 14. Qb3 f4 15. Rac1 a6 16. Nce4 h6 17. gxf4 Rxf4 18. e3 Rh4 19. f4 Nf7 20. Bxg7 Kxg7 21. Nf3 Rg4 22. h3 Rxg2+ 23. Kxg2 Nf8 24. Nd4 h5 25. Kh2 Nh6 26. Rg1 e5 27. dxe6 Qh4 28. Nf3 1-0

[Event "Baden-ch"]
[Site "Birkenfeld"]
[Date "2013.05.27"]
[Round "2"]
[White "Scherer, Max"]
[Black "Kaiser, Elmar"]
[Result "1-0"]
[WhiteElo "2305"]
[BlackElo "2147"]
[PlyCount "45"]
[EventDate "2013.05.26"]
[EventType "swiss"]
[EventRounds "9"]
[EventCountry "GER"]
[SourceTitle "EXT 2014"]
[Source "ChessBase"]
[SourceDate "2013.11.20"]
[SourceVersion "1"]
[SourceVersionDate "2013.11.20"]
[SourceQuality "1"]

1. c4 Nf6 2. Nf3 b6 3. g3 Bb7 4. Bg2 e6 5. 0-0 Be7 6. Nc3 0-0 7. b3 d5 8. d4 Re8 9. Bb2 Nbd7 10. Ne5 Bf8 11. e3 Rc8 12. Qe2 c6 13. f4 c5 14. Rad1 Ba6 15. a4 Qc7 16. Nb5 Bxb5 17. axb5 cxd4 18. exd4 Qb7 19. Rf2 a6 20. cxd5 exd5 21. bxa6 Qa8 22. Qb5 Nb8 23. Ra1 1-0